| 000 | 00484nam a2200157Ia 4500 | ||
|---|---|---|---|
| 999 |
_c13060 _d13060 |
||
| 082 | _aTP.0019 | ||
| 100 | _aPillai, K. Balan | ||
| 245 | 0 | _aEconomic impact of collective bargaining on Cashew Industry in Kerala | |
| 260 |
_c1986 _bUniversity of Kerala |
||
| 300 | _a384p. + C D - 47 | ||
| 650 | _aCASHEW INDUSTRY//CASHEW NUT INDUSTRY | ||
| 650 | _aCASHEW TRADE//CASHEW NUT INDUSTRY | ||
| 650 | _aCASHEW NUT INDUSTRY - KERALA | ||
| 710 | _aNair, K. Ramachandran | ||
| 942 |
_cTH _2ddc |
||